000 01105nam a22003017a 4500
001 369
003 OSt
005 20250528074019.0
008 250402b |||||||e |||| 00| f eng d
020 _a8521000332
040 _bpor
041 _hrus
_apor
082 _a891.73
_bT654m
100 1 _aTolstoi, Liev
_d1828- 1920
_9757
240 _aСмерть Ивана Ильича
245 _aA morte de Ivan Ilitch /
_cTolstoi, Leão ; Tradução de Carlos Lacerda
260 _aRio de Janeiro
_bLacerda
_c1997
300 _a91 p.
520 _aMais conhecido por seus romances mais longos, como "Guerra e Paz" e "Anna Karenina", o Conde Tolstoi mostra ser um mestre também na novela curta. Através da história de um burocrata medíocre, Tolstoi nos leva a explorar os recônditos da alma de todo ser humano.
650 0 _aLiteratura Russa
_9195
650 0 _aBusca de sentido
_9763
650 0 _aFutilidade nas relações
_9764
650 0 _aMorte Evidente
_9765
655 0 _aRomance
_923
655 0 _aFicção
_922
700 1 _aLacerda, Carlos,
_d1914-1977
_eTRADUTOR
942 _2ddc
_n0
_cBK
999 _c369
_d369